Legislatívny rámec prekurzorov v Slovenskej republike a v Európskej únii

Analýza mimotrestnej právnej úpravy prekurzorov na území Slovenskej republiky. Priblíženie európskych prameňov prekurzorov, nakoľko v posledných rokoch došlo k početným prijatiam nariadení a vykonávacích predpisov. Vnímanie prekurzorov judikatúry Súdneho dvora Európskej únie. Analýza jeho dopadu na...

Description complète

Enregistré dans:
Détails bibliographiques
Auteur principal: Hamranová, Denisa
Format: Chapitre de livre
Langue:slovaque
Sujets:
Tags: Ajouter un tag
Pas de tags, Soyez le premier à ajouter un tag!

MARC

LEADER 00000naa a2200000 4500
001 0249278
005 20181203142537.0
041 0 |a slo 
044 |a SK 
245 1 0 |a Legislatívny rámec prekurzorov v Slovenskej republike a v Európskej únii  |c Denisa Hamranová 
520 |a Analýza mimotrestnej právnej úpravy prekurzorov na území Slovenskej republiky. Priblíženie európskych prameňov prekurzorov, nakoľko v posledných rokoch došlo k početným prijatiam nariadení a vykonávacích predpisov. Vnímanie prekurzorov judikatúry Súdneho dvora Európskej únie. Analýza jeho dopadu na právnu úpravu v Slovenskej republike. 
610 2 0 |a Slovensko 
610 2 0 |a Európska únia 
610 2 0 |a úpravy právne 
610 2 0 |a látky chemické 
610 2 0 |a liečivá 
610 2 0 |a činnosť trestná 
100 1 |a Hamranová, Denisa